The poems, sacred, passionate, and humorous /

Bibliographic Details
Main Author: Willis, Nathaniel Parker, 1806-1867
Format: Microform Book
Language:English
Published: New York : Clark & Maynard, [1849]
Edition:Complete ed., rev. and enl.

MARC

Tag First Indicator Second Indicator Subfields
LEADER 00000cam a2200000 a 4500
001 in00001365249
005 20151006073124.0
007 hd afu---baca
008 850420s1849 nyuc a 000 0 eng d
035 |a (OCoLC)11944148 
035 |9 AHH6794AM 
040 |a MEU  |c IBS  |d POF  |d UtOrBLW 
049 |a TXAI 
090 |a PS586  |b .A450 pt. 2, no. 2598 
099 |a film  |a B  |a 3870  |a  Segment II, no. 2598) 
100 1 |a Willis, Nathaniel Parker,  |d 1806-1867. 
245 1 4 |a The poems, sacred, passionate, and humorous /  |c of Nathaniel Parker Willis. 
250 |a Complete ed., rev. and enl. 
264 1 |a New York :  |b Clark & Maynard,  |c [1849] 
264 4 |c ©1849 
300 |a viii, 352 pages :  |b portrait ;  |c 19 cm. 
336 |a text  |b txt  |2 rdacontent 
337 |a microform  |b h  |2 rdamedia 
338 |a microfilm reel  |b hd  |2 rdacarrier 
500 |a Added t.-p., engraved: Poems by N.P. Willis. New York : Clark, Austin and Smith. 
533 |a Microfilm.  |b New Haven, Conn. :  |c Research Publications,  |d 1975.  |e 1 microfilm reel ; 35 mm.  |f (American Poetry, 1609-1900 ; Segment II, no. 2598) 
539 |a s  |b 1975  |d ctu  |e n 
500 |a Microform. 
999 |a MARS 
999 f f |s cbe255ff-99f7-30d7-ae70-92c024ce19a3  |i 9416187d-acec-3be8-a3ee-e0a8d2df15a5  |t 0 
952 f f |p default  |a Texas A&M University  |b College Station  |c Sterling C. Evans Library  |d Evans: Microforms (3rd floor)  |t 0  |e film B 3870 Segment II, no. 2598  |h Other scheme  |i microform -- microfilm reel 
998 f f |a film B 3870 Segment II, no. 2598  |t 0  |l Evans: Microforms (3rd floor)